Famous TV Dads Quiz Stats

Quiz Updated Jun 17, 2012

Challenge
Share
Tweet
Embed
Score 0/20 Timer 03:00
1 Play Today
Children Character % Correct
Pebbles FlintstoneFred Flintstone
97.6%
Bart, Lisa & Maggie SimpsonHomer Simpson
88.2%
Judy & Elroy JetsonGeorge Jetson
80.3%
Meg, Chris, & Stewie GriffinPeter Griffin
75.2%
Kelly & Bud BundyAl Bundy
65.1%
Sondra, Denise, Theo, Vanessa, & Rudy HuxtableHeathcliff Huxtable
63.4%
Gloria BunkerArchie Bunker
60.8%
Opie TaylorAndy Taylor
59.8%
Greg, Peter, Bobby, Marcia, Jan, & Cindy BradyMike Brady
55.7%
DJ, Stephanie & Michelle TannerDanny Tanner
54.6%
Children Character % Correct
Ally, Michael & Jeffrey BaroneRay Barone
52.3%
Eric & Laurie FormanRed Forman
51.2%
Wednesday & Pugsley AddamsGomez Addams
44.5%
Hilary, Carlton, Ashley, & Nicky BanksPhilip Banks
40.1%
Wally & Theodore CleaverWard Cleaver
36.3%
Chuck, Richie & Joanie CunninghamHoward C. Cunningham
31.1%
George Michael BluthMichael Bluth
30.3%
Adam, Hoss, & Little Joe CartwrightBen Cartwright
24.9%
Frasier & Niles CraneMartin Crane
24%
Francis, Reese, Malcolm, Dewey, & Jamie WilkersonHal Wilkerson
18.8%

You're not logged in!

Compare scores with friends on all Sporcle quizzes.
Join for Free
OR
Log In

You Might Also Like...

Show Comments

Extras

Top Quizzes Today


Score Distribution

Your Account Isn't Verified!

In order to create a playlist on Sporcle, you need to verify the email address you used during registration. Go to your Sporcle Settings to finish the process.

Report this User

Report this user for behavior that violates our Community Guidelines.

Details: